Vivre à la campagne en France, de 1815 aux années 1970 : Capes Agrégation Histoire-Géographie (notice n° 1706053)

détails MARC
000 -LEADER
fixed length control field 00666cam a2200133 4500500
005 - DATE AND TIME OF LATEST TRANSACTION
control field 20260322000426.0
041 ## - LANGUAGE CODE
Language code of text/sound track or separate title fre
042 ## - AUTHENTICATION CODE
Authentication code dc
100 10 - MAIN ENTRY--PERSONAL NAME
Personal name Knittel, Fabien
Relator term author
245 00 - TITLE STATEMENT
Title Vivre à la campagne en France, de 1815 aux années 1970 : Capes Agrégation Histoire-Géographie
260 ## - PUBLICATION, DISTRIBUTION, ETC.
Name of publisher, distributor, etc. Armand Colin,<br/>
Date of publication, distribution, etc. 2024.<br/>
520 ## - SUMMARY, ETC.
Summary, etc. Un manuel dédié à la nouvelle question au programme du CAPES d’histoire-géographie, rédigé par des universitaires spécialistes.
856 41 - ELECTRONIC LOCATION AND ACCESS
Uniform Resource Identifier <a href="https://shs.cairn.info/vivre-a-la-campagne-en-france-de-1815-aux-annees-1970-capes-agregation-histoire-geographie--9782200639402?lang=fr&redirect-ssocas=7080">https://shs.cairn.info/vivre-a-la-campagne-en-france-de-1815-aux-annees-1970-capes-agregation-histoire-geographie--9782200639402?lang=fr&redirect-ssocas=7080</a>

Pas d'exemplaire disponible.

PLUDOC

PLUDOC est la plateforme unique et centralisée de gestion des bibliothèques physiques et numériques de Guinée administré par le CEDUST. Elle est la plus grande base de données de ressources documentaires pour les Étudiants, Enseignants chercheurs et Chercheurs de Guinée.

Adresse

627 919 101/664 919 101

25 boulevard du commerce
Kaloum, Conakry, Guinée

Réseaux sociaux

Powered by Netsen Group @ 2025